| 000 | 00610nam a2200241Ia 4500 | ||
|---|---|---|---|
| 005 | 20260430150121.0 | ||
| 008 | 008 250103s9999 xx 000 0 eng d | ||
| 037 | _aTheses | ||
| 040 | _aCRL | ||
| 040 | _beng | ||
| 040 | _ceng | ||
| 041 | _2eng | ||
| 041 | _aeng | ||
| 084 | _qCRL | ||
| 100 |
_aUppal Mahak Au.; Singh R.M. Gu. _91236512 |
||
| 245 | 0 | _aSituating emotions:a philosophical exploration | |
| 260 | _c2021 | ||
| 300 | _a154p. | ||
| 650 | _aPhilosophy | ||
| 700 |
_aUniversity of Delhi. Faculty of Arts. Department of Philosophy _978395 |
||
| 942 | _cTH | ||
| 999 |
_c1848990 _d1848990 |
||